University Home | Library Home | Institutional Repository

Behind many masks : (Record no. 59799)

MARC details
000 -LEADER
fixed length control field 01183cam0a220027701 4500
001 - CONTROL NUMBER
control field qce00836319
005 - DATE AND TIME OF LATEST TRANSACTION
control field 20190815094544.0
008 - FIXED-LENGTH DATA ELEMENTS--GENERAL INFORMATION
fixed length control field 730321s1962 nyu b 000 0 eng
010 ## - LIBRARY OF CONGRESS CONTROL NUMBER
LC control number 62051228
035 ## - SYSTEM CONTROL NUMBER
System control number (Sirsi) r32001
035 ## - SYSTEM CONTROL NUMBER
System control number (QCAT)lss00402533
035 ## - SYSTEM CONTROL NUMBER
System control number (UPRA)qce00836319
040 ## - CATALOGING SOURCE
Modifying agency UPRA
100 1# - MAIN ENTRY--PERSONAL NAME
Personal name Berreman, Gerald Duane, 1930-
Dates associated with a name Berreman, Gerald Duane, 1930-
Linkage A96077.1
245 10 - TITLE STATEMENT
Title Behind many masks :
Remainder of title [ethnography and impression management in a Himalayan village.
260 ## - PUBLICATION, DISTRIBUTION, ETC.
Place of publication, distribution, etc. Ithaca, NY] :
Name of publisher, distributor, etc. Society for Applied Anthropology,
Date of publication, distribution, etc. 1962.
490 1# - SERIES STATEMENT
Series statement [Society for Applied Anthropology] Monograph ;
Volume/sequential designation no. 4
500 ## - GENERAL NOTE
General note Cover title.
500 ## - GENERAL NOTE
General note "The research upon which this report is based ... is reported in full in the author's dissertation, Kin, caste and community in a Himalayan hill village, Cornell University, 1959."
504 ## - BIBLIOGRAPHY, ETC. NOTE
Bibliography, etc. note Bibliographical footnotes.
650 #0 - SUBJECT ADDED ENTRY--TOPICAL TERM
Topical term or geographic name entry element Ethnology -- Methodology.
General subdivision Ethnology -- Methodology.
Linkage S38487.1
651 #0 - SUBJECT ADDED ENTRY--GEOGRAPHIC NAME
Geographic name Sirkanda, India.
Linkage S69345.1
830 #0 - SERIES ADDED ENTRY--UNIFORM TITLE
Uniform title Monograph (Society for Applied Anthropology) ;
Volume/sequential designation no. 4.
Linkage S14524.1
949 ## - LOCAL PROCESSING INFORMATION (OCLC)
a GN2
w lcc
i -36679
m MAIN
t BOOK
l ON-SHELF

No items available.

© 2026 - The University of Zambia Library - Koha v25.11